[Event "CRO-ch U15"]
[Site "Trogir"]
[Date "2020.08.26"]
[Round "4"]
[White "Krnjak, Zankarlo"]
[Black "Marovic, Luka"]
[Result "1-0"]
[WhiteElo "1482"]
[BlackElo "1166"]
[PlyCount "53"]
[EventDate "2020.08.24"]
[EventType "swiss"]
[EventRounds "9"]
[EventCountry "CRO"]
[SourceTitle "CBM 198 Extra"]
[Source "ChessBase"]
[SourceDate "2020.11.30"]
[SourceVersion "1"]
[SourceVersionDate "2020.11.30"]
[SourceQuality "1"]

1. e4 e5 2. Nf3 Nc6 3. d4 exd4 4. Nxd4 Bc5 5. Nb3 Bb6 6. Be2 Nf6 7. Nc3 0-0 8. 0-0 d6 9. Bg5 Be6 10. Bd3 Ne5 11. h3 h6 12. Bh4 Re8 13. Kh1 Ng6 14. Bg3 Qd7 15. Kh2 Re7 16. f4 Bxb3 17. axb3 Rae8 18. e5 dxe5 19. fxe5 Nd5 20. Bxg6 Ne3 21. Qxd7 Nxf1+ 22. Rxf1 Rxd7 23. e6 Rxe6 24. Bf5 Rf6 25. Be5 Bd4 26. Bxf6 Bxf6 27. Bxd7 1-0